000 00644cam a2200205 4500
001 WS118642
008 020702n 000 0 eng u
035 _a(Sirsi) u118642
245 _aFirstGov
520 _aWeb site for the official US gateway to government information including links to federal, state and local government.
650 _aUSA
650 _aFEDERAL GOVERNMENT
650 _aSTATE GOVERNMENT
650 _aLEGISLATION
650 _aGOVERNMENT
650 _aREGULATIONS
690 _aINTERNATIONAL-AMERICAS
856 4 0 _uhttps://www.firstgov.gov
_zView the website free of charge at www.firstgov.gov...
942 _n0
999 _c120065
_d120065